[Event "Wch Seniors (Women) 23rd 2013"]
[Site "Opatija"]
[Date "2013.11.12"]
[Round "1.2"]
[White "Strutinskaya, Galina N"]
[Black "Kierzek, Mira"]
[Result "1-0"]
[WhiteElo "2299"]
[BlackElo "2005"]
[PlyCount "125"]
[EventDate "2013.11.12"]
[EventRounds "9"]
[EventCountry "CRO"]

1. d4 d5 2. c4 c6 3. Nf3 Nf6 4. b3 Bf5 5. Bb2 e6 6. Nc3 h6 7. e3 Be7 8. Be2 O-O
9. h3 Ne4 10. O-O Nd7 11. Nxe4 Bxe4 12. a3 a5 13. Bc3 Re8 14. Ra2 Qc7 15. Nd2
Bh7 16. Qa1 Nf6 17. Bf3 Qd7 18. Re1 Ne4 19. Nxe4 dxe4 20. Bg4 Bf5 21. Bxf5 exf5
22. d5 f6 23. Rd1 Red8 24. Rad2 Qc7 25. Qb2 Bd6 26. b4 axb4 27. axb4 c5 28. Rc2
b6 29. Rb1 Ra4 30. bxc5 bxc5 31. Be1 f4 32. Qc1 Be5 33. Bc3 Bd6 34. Qe1 Qe7 35.
Qe2 f5 36. Rcb2 Rd7 37. Rb6 Qg5 38. exf4 Qxf4 39. g3 Qg5 40. Rb7 Ra7 41. Rxd7
Rxd7 42. Bd2 Qe7 43. Kg2 Qf7 44. Rb6 Kh7 45. Ra6 g5 46. Bc3 Qe7 47. Ba1 f4 48.
Qb2 fxg3 49. Qh8+ Kg6 50. Qg8+ Kf5 51. fxg3 e3 52. g4+ Kf4 53. Qe6 Qh7 54. Qf6+
Ke4 55. Rxd6 Rxd6 56. Qxd6 Kd3 57. Qe5 Kxc4 58. Kf3 e2 59. Qxe2+ Kxd5 60. Qe5+
Kc4 61. Qe4+ Qxe4+ 62. Kxe4 Kb3 63. Bg7 1-0

[Event "Wch Seniors (Women) 23rd 2013"]
[Site "Opatija"]
[Date "2013.11.12"]
[Round "1.3"]
[White "Milligan, Helen"]
[Black "Fatalibekova, Elena"]
[Result "1/2-1/2"]
[WhiteElo "1977"]
[BlackElo "2252"]
[PlyCount "80"]
[EventDate "2013.11.12"]
[EventRounds "9"]
[EventCountry "CRO"]

1. e4 g6 2. d4 Bg7 3. Nf3 d6 4. Be2 c5 5. Nc3 cxd4 6. Nxd4 Nc6 7. Be3 Nf6 8.
O-O O-O 9. Qd2 Ng4 10. Bxg4 Bxg4 11. h3 Bd7 12. Rad1 Na5 13. b3 Rc8 14. Nd5 e6
15. Ne7+ Qxe7 16. Qxa5 e5 17. Nf3 Rxc2 18. Qxa7 Be6 19. Ng5 Bc8 20. Rc1 Rxc1
21. Rxc1 h6 22. Nf3 f5 23. Qa4 Be6 24. Bb6 Qf6 25. Rc7 fxe4 26. Qxe4 d5 27. Qb4
Rf7 28. Rxf7 Bxf7 29. Bc7 e4 30. Be5 Qc6 31. Bxg7 Kxg7 32. Nd2 g5 33. Qe7 Qc3
34. Nf1 b6 35. Qb7 Qc5 36. Ng3 Kf6 37. Qd7 Bg6 38. Qd8+ Kg7 39. Qd7+ Kf6 40.
Qd8+ Kg7 1/2-1/2

[Event "Wch Seniors (Women) 23rd 2013"]
[Site "Opatija"]
[Date "2013.11.12"]
[Round "1.4"]
[White "Miednikova, Swietlana"]
[Black "Kabanova, Irina"]
[Result "1-0"]
[WhiteElo "2166"]
[BlackElo "1951"]
[PlyCount "65"]
[EventDate "2013.11.12"]
[EventRounds "9"]
[EventCountry "CRO"]

1. e4 c5 2. Nf3 e6 3. c3 d5 4. exd5 Qxd5 5. d4 Nf6 6. Be2 cxd4 7. cxd4 Bb4+ 8.
Bd2 Bxd2+ 9. Qxd2 Nc6 10. Nc3 Qd8 11. O-O O-O 12. Rfd1 Nd5 13. Rac1 Nce7 14.
Ne5 Ng6 15. Bf3 Nh4 16. Be4 f5 17. Bxd5 exd5 18. g3 f4 19. gxh4 Qxh4 20. f3 Rf5
21. Kh1 Be6 22. Rg1 Rh5 23. Rg2 Bh3 24. Re2 Rf8 25. Nxd5 Qd8 26. Nxf4 Rh6 27.
Nxh3 Rxh3 28. Qc3 h6 29. Qc4+ Kh7 30. Qd3+ Kg8 31. Qb3+ Kh7 32. Qxb7 Qxd4 33.
Qe4+ 1-0

[Event "Wch Seniors (Women) 23rd 2013"]
[Site "Opatija"]
[Date "2013.11.12"]
[Round "1.5"]
[White "Baliuniene, Margarita"]
[Black "Khmiadashvili, Tamar"]
[Result "0-1"]
[WhiteElo "1885"]
[BlackElo "2158"]
[PlyCount "92"]
[EventDate "2013.11.12"]
[EventRounds "9"]
[EventCountry "CRO"]

1. d4 d5 2. c4 c6 3. Nf3 Nf6 4. Nc3 g6 5. e3 Bg7 6. Bd3 O-O 7. O-O Be6 8. b3
Bg4 9. h3 Bxf3 10. Qxf3 e6 11. Bb2 Nbd7 12. cxd5 exd5 13. b4 Re8 14. Rfc1 a6
15. a3 Qe7 16. Na4 Ne4 17. Bxe4 dxe4 18. Qg3 Nf6 19. Nb6 Rad8 20. Rc2 Nh5 21.
Qg4 f5 22. Qe2 f4 23. Qc4+ Kh8 24. Re1 f3 25. g3 Nf6 26. Qc5 Qe6 27. Kh2 Nd5
28. Nc4 h5 29. Rg1 Kh7 30. Ne5 Nf6 31. Qc4 Rd5 32. a4 Nd7 33. Nxd7 Qxd7 34. Qb3
Bf8 35. Qc3 Bd6 36. Qe1 h4 37. Rh1 Rg5 38. Rg1 Rh5 39. Qf1 Rf8 40. Bc3 Rff5 41.
Be1 Rh6 42. Kh1 hxg3 43. fxg3 Rfh5 44. h4 g5 45. Rh2 gxh4 46. Rxh4 Qg4 0-1

[Event "Wch Seniors (Women) 23rd 2013"]
[Site "Opatija"]
[Date "2013.11.12"]
[Round "1.6"]
[White "Titorenko, Natalia I"]
[Black "Khalturina, Tatiana"]
[Result "1-0"]
[WhiteElo "2143"]
[BlackElo "1823"]
[PlyCount "87"]
[EventDate "2013.11.12"]
[EventRounds "9"]
[EventCountry "CRO"]

1. Nf3 d5 2. c4 d4 3. d3 Nc6 4. g3 e5 5. Bg2 Bd6 6. O-O Nf6 7. Bg5 h6 8. Bxf6
Qxf6 9. Nbd2 O-O 10. a3 a5 11. Ne4 Qd8 12. Nxd6 Qxd6 13. Nd2 Bd7 14. b3 b6 15.
Qc2 f5 16. c5 Qf6 17. cxb6 cxb6 18. Qc4+ Kh8 19. Qd5 Rad8 20. Nc4 Be8 21. Qb5
e4 22. dxe4 Ne7 23. Qxb6 Qxb6 24. Nxb6 Rb8 25. Nc4 Rxb3 26. Nxa5 Rb2 27. Rad1
Bb5 28. Rxd4 Rxe2 29. a4 Be8 30. Bf3 Ra2 31. Bd1 Nc6 32. Nxc6 Bxc6 33. f3 fxe4
34. fxe4 Rxf1+ 35. Kxf1 Rxh2 36. Bb3 Rh5 37. Bd5 Bd7 38. Kg2 Re5 39. a5 Bb5 40.
Kf3 g5 41. Rb4 Bf1 42. Rb6 Kg7 43. a6 h5 44. a7 1-0

[Event "Wch Seniors (Women) 23rd 2013"]
[Site "Opatija"]
[Date "2013.11.12"]
[Round "1.7"]
[White "Milashevskaja, Valentina"]
[Black "Lauterbach, Ingrid"]
[Result "0-1"]
[WhiteElo "1814"]
[BlackElo "2132"]
[PlyCount "60"]
[EventDate "2013.11.12"]
[EventRounds "9"]
[EventCountry "CRO"]

1. Nf3 d6 2. d4 g6 3. c4 Bg7 4. Nc3 Nd7 5. g3 e5 6. Bg2 Ne7 7. O-O O-O 8. dxe5
dxe5 9. Qb3 Nc5 10. Qc2 Nc6 11. a3 Bf5 12. e4 Bg4 13. b4 Ne6 14. Nd5 Ncd4 15.
Nxd4 Nxd4 16. Qb2 Be2 17. Re1 Bxc4 18. Be3 c6 19. Nc3 Qe7 20. Rac1 Rad8 21.
Red1 Nb3 22. Rb1 Rxd1+ 23. Rxd1 b6 24. Bf1 Bxf1 25. Kxf1 Nd4 26. b5 c5 27. a4
Qd7 28. Kg2 Qe6 29. Nd5 Qg4 30. Bxd4 Qxe4+ 0-1

[Event "Wch Seniors (Women) 23rd 2013"]
[Site "Opatija"]
[Date "2013.11.12"]
[Round "1.8"]
[White "Melashvili, Nino"]
[Black "Korneeva, Tamara"]
[Result "1-0"]
[WhiteElo "2126"]
[BlackElo "1757"]
[PlyCount "99"]
[EventDate "2013.11.12"]
[EventRounds "9"]
[EventCountry "CRO"]

1. Nf3 e6 2. d4 Be7 3. Bf4 d6 4. e4 a6 5. Bd3 b5 6. O-O Bb7 7. a4 c6 8. Nbd2
Nd7 9. Qe2 g5 10. Be3 h6 11. c4 b4 12. e5 g4 13. exd6 gxf3 14. dxe7 fxe2 15.
exd8=Q+ Rxd8 16. Bxe2 a5 17. Ne4 Ndf6 18. Nc5 Bc8 19. Nb3 Ne7 20. Nxa5 Ne4 21.
Bf3 f5 22. Bh5+ Kd7 23. Bf4 Nf6 24. Bf3 Ba6 25. Rfe1 Ne4 26. Rac1 Ng6 27. Bxe4
Nxf4 28. Nb3 fxe4 29. Nc5+ Ke7 30. Rxe4 Rxd4 31. Rxd4 Ne2+ 32. Kf1 Nxd4 33.
Nxa6 Ra8 34. Nc5 Ra5 35. Rd1 Rxc5 36. Rxd4 Re5 37. b3 h5 38. h4 Rf5 39. Ke2
Re5+ 40. Kd2 Rc5 41. f3 e5 42. Re4 Kf6 43. Ke3 Ra5 44. g4 hxg4 45. Rxg4 Ra8 46.
c5 Ra5 47. Rxb4 Rxc5 48. Rc4 Ra5 49. Rxc6+ Kf5 50. h5 1-0

[Event "Wch Seniors (Women) 23rd 2013"]
[Site "Opatija"]
[Date "2013.11.12"]
[Round "1.9"]
[White "Hoose, Hannelore"]
[Black "Ankudinova, Yelena"]
[Result "0-1"]
[WhiteElo "1740"]
[BlackElo "2121"]
[PlyCount "130"]
[EventDate "2013.11.12"]
[EventRounds "9"]
[EventCountry "CRO"]

1. e4 c5 2. g3 Nc6 3. Bg2 g6 4. Ne2 Bg7 5. O-O d6 6. d3 Nf6 7. Nbc3 O-O 8. a3
a6 9. Rb1 Rb8 10. Bd2 Bd7 11. Qc1 b5 12. Nd1 a5 13. b3 Qc7 14. Ne3 e6 15. c3
Rfc8 16. Rd1 Qa7 17. Be1 Ne8 18. Qd2 a4 19. b4 cxb4 20. cxb4 Rc7 21. Rbc1 Rbc8
22. Kf1 Nd4 23. Rxc7 Rxc7 24. Nxd4 Qxd4 25. Ke2 Qb2 26. Qxb2 Bxb2 27. Rb1 Bd4
28. Kd1 Bxe3 29. fxe3 e5 30. Rc1 Bg4+ 31. Kd2 f6 32. Rxc7 Nxc7 33. h3 Be6 34.
g4 Kg7 35. Bf1 Bd7 36. Bg3 g5 37. Be2 h5 38. Be1 hxg4 39. hxg4 Ne6 40. Kc3 Nd8
41. Kd2 Nf7 42. Bg3 Nh6 43. d4 Nxg4 44. Bf1 Nh6 45. Bg2 Ng8 46. Kd3 Ne7 47. Be1
Nc8 48. Bd2 Nb6 49. Bc1 Kg6 50. Ke2 Kh5 51. Kf2 Kh4 52. Kg1 Kg3 53. Bf1 Kf3 54.
Bd3 Nc4 55. dxe5 dxe5 56. Bf1 Nxe3 57. Bd3 Bc6 58. Bd2 Nc4 59. Bc1 Bxe4 60.
Bxc4 bxc4 61. b5 Ke2 62. Bb2 Kd2 63. Kf2 c3 64. Bxc3+ Kxc3 65. Ke3 Bb7 0-1

[Event "Wch Seniors (Women) 23rd 2013"]
[Site "Opatija"]
[Date "2013.11.12"]
[Round "1.10"]
[White "Beltz, Martina"]
[Black "Afanasieva, Elena"]
[Result "1-0"]
[WhiteElo "2100"]
[BlackElo "1625"]
[PlyCount "105"]
[EventDate "2013.11.12"]
[EventRounds "9"]
[EventCountry "CRO"]

1. d4 e5 2. d5 Bc5 3. e3 d6 4. c4 Nf6 5. Nc3 O-O 6. Bd3 Nbd7 7. Nge2 Re8 8. Ng3
Bb4 9. Bd2 Nc5 10. Bc2 Bg4 11. f3 Bh5 12. Nxh5 Nxh5 13. O-O Qh4 14. Qe2 Qe7 15.
Qf2 g6 16. g4 Ng7 17. e4 g5 18. a3 Bxc3 19. Bxc3 Rf8 20. b4 Nd7 21. Ba4 Nb6 22.
Bb3 a6 23. Rac1 Nd7 24. Qe3 Qf6 25. Bd2 h6 26. Kg2 Qg6 27. c5 f6 28. cxd6 cxd6
29. Rc7 Rf7 30. Rxb7 h5 31. Rc1 hxg4 32. fxg4 Ne8 33. Ba4 Rd8 34. Ra7 Rh7 35.
Rxa6 Qh6 36. h3 Nf8 37. Bxe8 Rxe8 38. Rxd6 Ng6 39. Qc3 Nf4+ 40. Bxf4 gxf4 41.
Rc6 Qg6 42. Re1 Rh4 43. Qf3 Ra8 44. d6 Rxa3 45. Qxa3 Rxg4+ 46. hxg4 Qxg4+ 47.
Kf2 Qh4+ 48. Ke2 Qh2+ 49. Kd1 Kg7 50. Qa7+ Kh6 51. Rc8 Qh5+ 52. Kc1 Qf3 53.
Rh8+ 1-0

[Event "Wch Seniors (Women) 23rd 2013"]
[Site "Opatija"]
[Date "2013.11.12"]
[Round "1.11"]
[White "Arginbayeva, Maryana"]
[Black "Bogumil, Tatiana"]
[Result "0-1"]
[WhiteElo "1518"]
[BlackElo "2074"]
[PlyCount "84"]
[EventDate "2013.11.12"]
[EventRounds "9"]
[EventCountry "CRO"]

1. d4 Nf6 2. c4 c5 3. d5 b5 4. e3 g6 5. Nd2 Qa5 6. Bd3 d6 7. Ngf3 bxc4 8. Bxc4
Ba6 9. Qc2 Bg7 10. O-O O-O 11. e4 Nbd7 12. Nb3 Qb6 13. Bd2 Ng4 14. Rab1 Nge5
15. Nxe5 Nxe5 16. Bxa6 Qxa6 17. Na5 Rfc8 18. f4 Nd3 19. Nc4 Bd4+ 20. Be3 Nb4
21. Qe2 Bxe3+ 22. Qxe3 Qxc4 23. b3 Qa6 24. a4 Qd3 25. Qf3 Qxf3 26. Rxf3 Rab8
27. Rc1 Rb7 28. f5 f6 29. fxg6 hxg6 30. Rg3 Kg7 31. h4 Rh8 32. Rg4 Nd3 33. Rc3
Ne5 34. Rf4 Rb4 35. g3 Rhb8 36. Rf1 Rxb3 37. Rxb3 Rxb3 38. Kg2 c4 39. Ra1 Rb2+
40. Kh3 c3 41. a5 c2 42. Rf1 Rb1 0-1

[Event "Wch Seniors (Women) 23rd 2013"]
[Site "Opatija"]
[Date "2013.11.13"]
[Round "2.1"]
[White "Ankudinova, Yelena"]
[Black "Strutinskaya, Galina N"]
[Result "1/2-1/2"]
[WhiteElo "2121"]
[BlackElo "2299"]
[PlyCount "112"]
[EventDate "2013.11.12"]
[EventRounds "9"]
[EventCountry "CRO"]

1. d4 e6 2. g3 c5 3. Nf3 Nf6 4. Bg2 Nc6 5. O-O Qb6 6. e3 d5 7. b3 Be7 8. dxc5
Qxc5 9. Bb2 b5 10. Nbd2 O-O 11. Qe2 a5 12. Rac1 Ba6 13. Rfd1 Qb6 14. Nd4 Rac8
15. Nxc6 Rxc6 16. e4 b4 17. Qe1 Rc7 18. c4 dxc4 19. Nxc4 Bxc4 20. Rxc4 Rxc4 21.
bxc4 Qc7 22. e5 Nd7 23. Qe4 Rc8 24. h4 Nb6 25. Bf1 Na4 26. Bd3 g6 27. Bd4 Rd8
28. Bc2 Nc5 29. Bxc5 Rxd1+ 30. Bxd1 Bxc5 31. Kg2 Qd8 32. Qe2 Qd7 33. Bc2 a4 34.
Qd1 Qxd1 35. Bxd1 b3 36. a3 Bxa3 37. Kf3 Bc5 38. Ke2 h5 39. f3 Kf8 40. Kd3 Bf2
41. g4 hxg4 42. fxg4 Bxh4 43. Kc3 Be1+ 44. Kb2 Bb4 45. Bf3 Bc5 46. Kc3 f5 47.
exf6 Bd6 48. g5 Bf4 49. Bc6 Bxg5 50. Bxa4 Kf7 51. Bxb3 Kxf6 52. Kd4 Bf4 53. Ke4
Bd6 54. Ba4 Bc5 55. Bd1 Ba3 56. Bg4 Bc5 1/2-1/2

[Event "Wch Seniors (Women) 23rd 2013"]
[Site "Opatija"]
[Date "2013.11.13"]
[Round "2.2"]
[White "Bogumil, Tatiana"]
[Black "Miednikova, Swietlana"]
[Result "1/2-1/2"]
[WhiteElo "2074"]
[BlackElo "2166"]
[PlyCount "77"]
[EventDate "2013.11.12"]
[EventRounds "9"]
[EventCountry "CRO"]

1. Nf3 d5 2. c4 dxc4 3. Qa4+ Nc6 4. e3 a6 5. Bxc4 e6 6. a3 Bd6 7. d4 Nf6 8. Nc3
O-O 9. Qc2 e5 10. d5 Ne7 11. e4 c6 12. Bg5 cxd5 13. Nxd5 Nfxd5 14. Bxd5 h6 15.
Bxe7 Qxe7 16. O-O Bg4 17. Qd3 Bc5 18. Rac1 Rac8 19. b4 Ba7 20. h3 Bd7 21. Qb3
Bb5 22. Rfe1 Rxc1 23. Rxc1 Be2 24. Qc3 Bxf3 25. Qxf3 Bd4 26. g3 g6 27. Kg2 Kg7
28. Qd3 Qd7 29. Qc2 b6 30. a4 Qd6 31. Qb3 Qf6 32. Rc2 Rc8 33. f3 Rxc2+ 34. Qxc2
Qe7 35. Qc4 a5 36. bxa5 bxa5 37. h4 h5 38. Qc6 Bc5 39. Qb7 1/2-1/2

[Event "Wch Seniors (Women) 23rd 2013"]
[Site "Opatija"]
[Date "2013.11.13"]
[Round "2.3"]
[White "Khmiadashvili, Tamar"]
[Black "Melashvili, Nino"]
[Result "1/2-1/2"]
[WhiteElo "2158"]
[BlackElo "2126"]
[PlyCount "26"]
[EventDate "2013.11.12"]
[EventRounds "9"]
[EventCountry "CRO"]

1. c4 c5 2. Nc3 Nc6 3. g3 g6 4. Bg2 Bg7 5. d3 Nf6 6. Nf3 O-O 7. O-O d6 8. h3
Rb8 9. Kh2 Bd7 10. e4 a6 11. a4 h6 12. Bd2 Kh7 13. Ne1 e5 1/2-1/2

[Event "Wch Seniors (Women) 23rd 2013"]
[Site "Opatija"]
[Date "2013.11.13"]
[Round "2.5"]
[White "Lauterbach, Ingrid"]
[Black "Beltz, Martina"]
[Result "1/2-1/2"]
[WhiteElo "2132"]
[BlackElo "2100"]
[PlyCount "95"]
[EventDate "2013.11.12"]
[EventRounds "9"]
[EventCountry "CRO"]

1. e4 c5 2. c3 d5 3. exd5 Qxd5 4. d4 Nf6 5. Nf3 Bg4 6. dxc5 Qxd1+ 7. Kxd1 e5 8.
Bb5+ Nc6 9. Bxc6+ bxc6 10. h3 Bxf3+ 11. gxf3 Bxc5 12. Be3 Nd7 13. b4 Be7 14.
Rg1 g6 15. Nd2 a5 16. bxa5 Rxa5 17. a4 O-O 18. Nc4 Rd5+ 19. Kc2 Bc5 20. a5 Bxe3
21. fxe3 Rb5 22. Rgd1 Rb7 23. Rd6 Rc8 24. Rad1 Rcc7 25. Rb1 Ra7 26. Nb6 Nc5 27.
Rd8+ Kg7 28. Nc4 f6 29. Nd6 Kh6 30. Ra1 Ra6 31. Ne8 Rf7 32. Nd6 Rfa7 33. Rc8
Kg5 34. Nc4 Kh4 35. Rf8 f5 36. Nxe5 Rxa5 37. Rxa5 Rxa5 38. Rf7 Kxh3 39. Rxh7+
Kg3 40. Rg7 Kf2 41. Rxg6 Ra2+ 42. Kb1 Re2 43. Rxc6 Nb3 44. Rf6 Nd2+ 45. Kc1
Nb3+ 46. Kb1 Nd2+ 47. Kc1 Nb3+ 48. Kb1 1/2-1/2

[Event "Wch Seniors (Women) 23rd 2013"]
[Site "Opatija"]
[Date "2013.11.13"]
[Round "2.7"]
[White "Fatalibekova, Elena"]
[Black "Beliaeva, Natalia"]
[Result "1-0"]
[WhiteElo "2252"]
[BlackElo "2027"]
[PlyCount "93"]
[EventDate "2013.11.12"]
[EventRounds "9"]
[EventCountry "CRO"]

1. e4 c6 2. d4 d5 3. exd5 cxd5 4. c4 Nf6 5. Nc3 g6 6. cxd5 Bg7 7. Qb3 O-O 8.
Nge2 Na6 9. g3 Nc7 10. Bg2 Rb8 11. O-O b6 12. Bf4 Ba6 13. Rfe1 Qd7 14. Be5 Rbd8
15. Nf4 g5 16. Bh3 g4 17. Bg2 Nb5 18. Rac1 Nd6 19. h3 Nc4 20. Bxf6 Bxf6 21. Ne4
Nd6 22. Qd1 Nxe4 23. Bxe4 Bg5 24. Qxg4 Qxg4 25. hxg4 Rd7 26. Bf5 Rd6 27. Rc7
Ra8 28. Nh5 Rad8 29. Be4 Bc8 30. Bf3 a5 31. Re2 b5 32. Rec2 Bd7 33. a3 e6 34.
dxe6 Bxe6 35. R2c5 Bh6 36. d5 Bd7 37. Ra7 a4 38. Rcc7 Bg5 39. Kg2 Be8 40. Be4
Bd7 41. Kh3 Kf8 42. f4 Be7 43. Bf5 Bxf5 44. gxf5 Rh6 45. Kg4 Bd6 46. Rxf7+ Kg8
47. Kg5 1-0

[Event "Wch Seniors (Women) 23rd 2013"]
[Site "Opatija"]
[Date "2013.11.13"]
[Round "2.9"]
[White "Kierzek, Mira"]
[Black "Milashevskaja, Valentina"]
[Result "1-0"]
[WhiteElo "2005"]
[BlackElo "1814"]
[PlyCount "69"]
[EventDate "2013.11.12"]
[EventRounds "9"]
[EventCountry "CRO"]

1. d4 Nf6 2. Nf3 e6 3. e3 b6 4. Bd3 Bb7 5. O-O Be7 6. c4 d5 7. Nc3 Nbd7 8. cxd5
exd5 9. Qc2 O-O 10. b3 c5 11. Bb2 cxd4 12. exd4 Bb4 13. a3 Bxc3 14. Bxc3 Rc8
15. Qb2 Re8 16. Bd2 h6 17. Rac1 Ne4 18. Be3 Ndf6 19. h3 Qe7 20. Ne5 Nd7 21. Bf4
Nxe5 22. Bxe5 Qh4 23. f3 Ng5 24. Bb5 Red8 25. Bc7 Rf8 26. Bd7 Ra8 27. Rfe1 Nh7
28. Bd6 Qd8 29. Bxf8 Nxf8 30. Bf5 g6 31. Bd3 Ne6 32. Bxg6 Nxd4 33. Bxf7+ Kxf7
34. Qxd4 Qf6 35. Rc7+ 1-0

[Event "Wch Seniors (Women) 23rd 2013"]
[Site "Opatija"]
[Date "2013.11.13"]
[Round "2.10"]
[White "Kabanova, Irina"]
[Black "Hoose, Hannelore"]
[Result "1/2-1/2"]
[WhiteElo "1951"]
[BlackElo "1740"]
[PlyCount "44"]
[EventDate "2013.11.12"]
[EventRounds "9"]
[EventCountry "CRO"]

1. e4 e6 2. d4 d5 3. Nd2 dxe4 4. Nxe4 Nd7 5. Bd3 Be7 6. Nf3 Ngf6 7. Nxf6+ Nxf6
8. O-O O-O 9. c3 b6 10. Qe2 Bb7 11. h3 Rc8 12. Bf4 c5 13. dxc5 Rxc5 14. Rfd1
Qa8 15. Ne1 Rd5 16. Bc2 Rxd1 17. Rxd1 Rd8 18. Rxd8+ Qxd8 19. Nf3 h6 20. Be5 Qa8
21. Ne1 Qd8 22. Nf3 Qa8 1/2-1/2

[Event "Wch Seniors (Women) 23rd 2013"]
[Site "Opatija"]
[Date "2013.11.13"]
[Round "2.11"]
[White "Korneeva, Tamara"]
[Black "Baliuniene, Margarita"]
[Result "0-1"]
[WhiteElo "1757"]
[BlackElo "1885"]
[PlyCount "106"]
[EventDate "2013.11.12"]
[EventRounds "9"]
[EventCountry "CRO"]

1. d4 d5 2. Nf3 Nf6 3. g3 e6 4. Bg2 Be7 5. a3 Nbd7 6. b4 O-O 7. Bb2 c6 8. Nbd2
a5 9. c3 b6 10. O-O Ba6 11. Re1 c5 12. e4 cxb4 13. exd5 bxc3 14. Bxc3 Nxd5 15.
Bb2 Rc8 16. Ne5 N7f6 17. Qb3 b5 18. Rac1 Qb6 19. Ne4 a4 20. Nxf6+ Nxf6 21. Qa2
Bb7 22. Bxb7 Qxb7 23. Bc3 Nd5 24. Bd2 h6 25. Qb2 Rfd8 26. Rb1 Nc7 27. Ba5 Rd5
28. Nc4 Rcd8 29. Nb6 Rxd4 30. Nxa4 Rxa4 31. Bxc7 Qxc7 32. Qxb5 Rxa3 33. Rbc1
Qd7 34. Qb6 Bf6 35. Rc7 Qd2 36. Rf1 Ra1 37. Rxa1 Bxa1 38. Rc6 Bf6 39. Kg2 Qd5+
40. Kh3 Bd4 41. Qa6 Bxf2 42. Rc8 Qf5+ 43. Kg2 Rxc8 44. Qxc8+ Kh7 45. Qd7 Be3
46. Qb7 Qd5+ 47. Qxd5 exd5 48. Kf3 d4 49. g4 g5 50. Ke4 Kg6 51. h3 f6 52. Kf3
f5 53. Ke2 f4 0-1

[Event "Wch Seniors (Women) 23rd 2013"]
[Site "Opatija"]
[Date "2013.11.13"]
[Round "2.12"]
[White "Khalturina, Tatiana"]
[Black "Arginbayeva, Maryana"]
[Result "1-0"]
[WhiteElo "1823"]
[BlackElo "1518"]
[PlyCount "117"]
[EventDate "2013.11.12"]
[EventRounds "9"]
[EventCountry "CRO"]

1. d4 e6 2. c4 d5 3. Nc3 Bb4 4. Qc2 Nc6 5. Nf3 Bd7 6. e3 Nf6 7. a3 Bxc3+ 8.
bxc3 Ne4 9. Bd3 f5 10. cxd5 exd5 11. O-O O-O 12. c4 Be6 13. Rb1 Rb8 14. cxd5
Bxd5 15. Rb5 Ne7 16. Bc4 c6 17. Rb2 Kh8 18. Ne5 Ng6 19. Bxd5 cxd5 20. Qa4 Nxe5
21. dxe5 a6 22. Qd4 b5 23. f3 Ng5 24. Bd2 Ne6 25. Qb4 d4 26. Rc1 dxe3 27. Bxe3
f4 28. Rd2 Qe8 29. Bc5 Rc8 30. Rdc2 Rg8 31. Bd6 Rc4 32. Rxc4 bxc4 33. Qxc4 a5
34. Rb1 Qg6 35. Rb2 h6 36. h4 Qf5 37. Qc2 Qh5 38. Qf2 g5 39. Rb8 gxh4 40. Rxg8+
Kxg8 41. Qb6 Qe8 42. Kh2 Qg6 43. Qf2 Qg3+ 44. Qxg3+ hxg3+ 45. Kh3 Kf7 46. Kg4
Kg6 47. a4 h5+ 48. Kh4 Nd4 49. Bc5 Nf5+ 50. Kh3 Kf7 51. Bb6 Ke6 52. Bxa5 Kxe5
53. Bc7+ Nd6 54. Kh4 Kd5 55. Bxd6 Kxd6 56. Kxh5 Kc5 57. Kg5 Kb4 58. Kxf4 Kxa4
59. Kxg3 1-0

[Event "Wch Seniors (Women) 23rd 2013"]
[Site "Opatija"]
[Date "2013.11.14"]
[Round "3.2"]
[White "Strutinskaya, Galina N"]
[Black "Bogumil, Tatiana"]
[Result "0-1"]
[WhiteElo "2299"]
[BlackElo "2074"]
[PlyCount "60"]
[EventDate "2013.11.12"]
[EventRounds "9"]
[EventCountry "CRO"]

1. d4 Nf6 2. Nf3 g6 3. c4 c5 4. Nc3 Bg7 5. e4 cxd4 6. Nxd4 d6 7. Be2 O-O 8. Be3
h6 9. Qd2 Kh7 10. f3 Bd7 11. Rc1 Nc6 12. O-O Ne5 13. Rfd1 Rc8 14. b3 Qa5 15.
Qe1 a6 16. a4 Nc6 17. Nxc6 bxc6 18. c5 Be6 19. b4 Qxb4 20. Bxa6 Rb8 21. cxd6
exd6 22. Bf1 Nd7 23. Ne2 Qxa4 24. Rxd6 Qa3 25. Bf4 Ne5 26. Bxe5 Bxe5 27. Rdxc6
Qe3+ 28. Qf2 Bxh2+ 29. Kxh2 Qxf2 30. Ng3 Rb2 0-1

[Event "Wch Seniors (Women) 23rd 2013"]
[Site "Opatija"]
[Date "2013.11.14"]
[Round "3.3"]
[White "Miednikova, Swietlana"]
[Black "Ankudinova, Yelena"]
[Result "1-0"]
[WhiteElo "2166"]
[BlackElo "2121"]
[PlyCount "83"]
[EventDate "2013.11.12"]
[EventRounds "9"]
[EventCountry "CRO"]

1. e4 c6 2. d3 d5 3. Nd2 g6 4. g3 Bg7 5. Bg2 e6 6. Ngf3 Nd7 7. d4 Ne7 8. O-O
O-O 9. e5 c5 10. c3 b6 11. Re1 a5 12. a4 Ba6 13. Nf1 Nc6 14. Bg5 Qc7 15. Qd2 b5
16. axb5 Bxb5 17. Bh6 a4 18. Bxg7 Kxg7 19. Qf4 Na5 20. Ne3 h5 21. g4 Rh8 22.
Ng5 Nf8 23. Qf6+ Kg8 24. Bxd5 Rd8 25. Nxf7 Qxf7 26. Qxd8 exd5 27. Nxd5 Nc6 28.
Nf6+ Kg7 29. Qb6 Na7 30. g5 Ne6 31. h4 c4 32. d5 Nd8 33. e6 Qb7 34. Qd4 Nc8 35.
Qe5 Qe7 36. Nd7+ Kh7 37. Qf6 Qd6 38. Ne5 Rg8 39. Rad1 Ne7 40. Nf7 Nxd5 41. Nxd6
Nxf6 42. gxf6 1-0

[Event "Wch Seniors (Women) 23rd 2013"]
[Site "Opatija"]
[Date "2013.11.14"]
[Round "3.4"]
[White "Beltz, Martina"]
[Black "Khmiadashvili, Tamar"]
[Result "0-1"]
[WhiteElo "2100"]
[BlackElo "2158"]
[PlyCount "70"]
[EventDate "2013.11.12"]
[EventRounds "9"]
[EventCountry "CRO"]

1. d4 c6 2. Nf3 d5 3. g3 Bf5 4. Bg2 h6 5. O-O Nd7 6. c4 e6 7. b3 Ngf6 8. Nc3
Bb4 9. Bb2 O-O 10. Nd2 Bg6 11. Rc1 Qe7 12. Re1 Rfd8 13. e4 dxe4 14. Ndxe4 Qf8
15. Re3 Nxe4 16. Nxe4 f5 17. Nc3 e5 18. d5 Bc5 19. Re1 e4 20. Ne2 Bh5 21. Qc2
Bxe2 22. Qxe2 cxd5 23. cxd5 Nb6 24. Red1 Rac8 25. Bh3 Rxd5 26. Rxd5 Nxd5 27.
Qb5 e3 28. Qxb7 exf2+ 29. Kh1 Ne3 30. b4 Rb8 31. Qd7 Rxb4 32. Bg2 Nxg2 33. Kxg2
Rxb2 34. Qd5+ Qf7 35. Qd8+ Bf8 0-1

[Event "Wch Seniors (Women) 23rd 2013"]
[Site "Opatija"]
[Date "2013.11.14"]
[Round "3.5"]
[White "Melashvili, Nino"]
[Black "Lauterbach, Ingrid"]
[Result "1-0"]
[WhiteElo "2126"]
[BlackElo "2132"]
[PlyCount "75"]
[EventDate "2013.11.12"]
[EventRounds "9"]
[EventCountry "CRO"]

1. Nf3 d6 2. d4 g6 3. Nc3 Bg7 4. Bf4 Nd7 5. Qd2 e5 6. dxe5 dxe5 7. Bg3 Ne7 8.
Rd1 f6 9. e3 O-O 10. Bc4+ Rf7 11. Ne4 Qe8 12. Nfg5 fxg5 13. Nxg5 Qf8 14. Ne6
Nb6 15. Nxf8 Nxc4 16. Qb4 Nd6 17. Nxh7 Kxh7 18. Qc5 Nc6 19. O-O Be6 20. f3 a6
21. b3 Nb5 22. e4 Ncd4 23. Rf2 a5 24. Rxd4 Nxd4 25. Bxe5 Nc6 26. Bxg7 Kxg7 27.
f4 Rd8 28. h3 Rd4 29. Qc3 Kh7 30. Qe3 a4 31. g4 axb3 32. axb3 Re7 33. Kh2 Bd5
34. f5 Rexe4 35. Qg5 Bf7 36. Qh4+ Kg8 37. Qh6 g5 38. f6 1-0

[Event "Wch Seniors (Women) 23rd 2013"]
[Site "Opatija"]
[Date "2013.11.14"]
[Round "3.10"]
[White "Beliaeva, Natalia"]
[Black "Kabanova, Irina"]
[Result "0-1"]
[WhiteElo "2027"]
[BlackElo "1951"]
[PlyCount "118"]
[EventDate "2013.11.12"]
[EventRounds "9"]
[EventCountry "CRO"]

1. d4 Nf6 2. Nf3 e6 3. Bg5 c5 4. c3 d5 5. Nbd2 Nbd7 6. Qc2 h6 7. Bh4 Be7 8. h3
cxd4 9. Nxd4 Nb6 10. e4 dxe4 11. Nxe4 Nxe4 12. Bxe7 Qxe7 13. Qxe4 a6 14. Bd3
Nd5 15. O-O Nf6 16. Qe5 O-O 17. Rad1 Nd7 18. Qe3 Qc5 19. Rfe1 Nf6 20. Qf4 Re8
21. Nf3 Bd7 22. Ne5 Qc7 23. Qf3 Bc6 24. Nxc6 bxc6 25. b4 c5 26. a3 Red8 27. c4
Rab8 28. Rb1 Rd4 29. bxc5 Rbd8 30. Rb3 Qxc5 31. Reb1 Qd6 32. Bf1 Ne4 33. Rb7
Nf6 34. R7b6 Qe5 35. Rxa6 Rf4 36. Qe2 Re4 37. Qc2 Red4 38. Qc3 Qe4 39. Re1 Qf4
40. Qe3 Qc7 41. a4 Ne4 42. Be2 Nd2 43. Ra8 Re4 44. Rxd8+ Qxd8 45. Qc3 Rd4 46.
a5 Ne4 47. Qa3 Rd2 48. Qe3 f5 49. a6 Qa5 50. a7 Ra2 51. Bf3 Ra3 52. Qe2 Ra2 53.
Qd1 Qxa7 54. Bxe4 Qxf2+ 55. Kh1 fxe4 56. Rg1 Rd2 57. Qg4 Qf5 58. Qg3 Rd3 59.
Qe1 Rxh3+ 0-1